| 000 | 003720000a22001690004500 | ||
|---|---|---|---|
| 005 | 20120302054732.0 | ||
| 942 | _cBOOK | ||
| 100 | _a Joshi,Maadhav Purushottam | ||
| 245 | _a Vichar Madhukari | ||
| 250 | _a 3 | ||
| 260 | _aPune:Yashwant Prakashan,1972. | ||
| 300 | _a32,206p. | ||
| 040 | _aMAR | ||
| 365 | _b5/- | ||
| 650 | _aSankirna | ||
| 650 | _aVichar Madhukari | ||
| 999 |
_c346461 _d346458 |
||